TCP/IP Illustrated, Volume 2: The Implementation (Record no. 1699)
[ view plain ]
| 000 -LEADER | |
|---|---|
| Fixed length control field | 00492nam a2200169 4500 |
| 003 - CONTROL NUMBER IDENTIFIER | |
| Control field | SEACOMEC |
| 005 - DATE AND TIME OF LATEST TRANSACTION | |
| Control field | 20240911131131.0 |
| 008 - FIXED-LENGTH DATA ELEMENTS--GENERAL INFORMATION | |
| Fixed length control field | 240911b |||||||| |||| 00| 0 eng d |
| 020 ## - INTERNATIONAL STANDARD BOOK NUMBER / ISBN | |
| International Standard Book Number | 978-0201633542 |
| Price | 525.00 |
| 040 ## - CATALOGING SOURCE | |
| Original cataloging agency | SEACOMEC |
| 082 ## - DEWEY DECIMAL CLASSIFICATION NUMBER | |
| Classification number | 004.62 |
| Book Number | W945 |
| 100 ## - MAIN ENTRY--PERSONAL NAME | |
| Personal name | Wright, Gary R. |
| 245 ## - TITLE STATEMENT | |
| Title | TCP/IP Illustrated, Volume 2: The Implementation |
| Statement of responsibility | Gary R. Wright & W. Richard Stevens |
| 260 ## - IMPRINT | |
| Place of publication | Delhi |
| Name of publisher | Pearson |
| Date of publication | 1996 |
| 300 ## - PHYSICAL DESCRIPTION | |
| Page / Vol. No | 1200p |
| Dimensions | 20.32 x 5.08 x 24.77 cm |
| 942 ## - ADDED ENTRY ELEMENTS (KOHA) | |
| Koha item type | Books |
| Withdrawn status | Lost status | Source of classification | Damaged status | Not for loan | Home library | Current library | Date acquired | Total Checkouts | Call number | Accession number | Date last seen | Price effective from | Koha item type |
|---|---|---|---|---|---|---|---|---|---|---|---|---|---|
| Dewey Decimal Classification | SEACOM ENGINEERING COLLEGE | SEACOM ENGINEERING COLLEGE | 12/07/2007 | 004.62 W945 | 7594 | 11/09/2024 | 11/09/2024 | Books |
